Computer graphics (Record no. 5082)
[ view plain ]
| 000 -LEADER | |
|---|---|
| fixed length control field | 00507nam a2200169Ia 4500 |
| 003 - CONTROL NUMBER IDENTIFIER | |
| control field | SGT |
| 020 ## - INTERNATIONAL STANDARD BOOK NUMBER | |
| International Standard Book Number | 9780070634374 |
| 082 ## - DEWEY DECIMAL CLASSIFICATION NUMBER | |
| Classification number | 6.6 |
| Item number | SIN |
| 100 ## - MAIN ENTRY--PERSONAL NAME | |
| Personal name | Sinha,Amarendra N |
| 245 ## - TITLE STATEMENT | |
| Title | Computer graphics |
| 260 ## - PUBLICATION, DISTRIBUTION, ETC. (IMPRINT) | |
| Name of publisher, distributor, etc | Tata McGraw Hill Education Private Limited |
| Place of publication, distribution, etc | New Delhi |
| Year of Publication | 2008 |
| 300 ## - PAGE DESCRIPTION | |
| No. of Pages | 471p. |
| 650 ## - SUBJECT ADDED ENTRY--TOPICAL TERM | |
| Topical term or geographic name as entry element | COMPUTER SCIENCE |
| 653 ## - KEYWORDS--INDEX TERM | |
| Keyword term | INTRODUCTION TO COMPUTER GRAPHICS, GRAPHICS SYSTEMS, OUTPUT PRIMITIVES, WINDOWING AND CLIPPING , PLANE CURVES |
| 700 ## - ADDED ENTRY--PERSONAL NAME | |
| Personal name | Udai,Arun D |
| 942 ## - ADDED ENTRY ELEMENTS (KOHA) | |
| Source of classification or shelving scheme | Dewey Decimal Classification |
| Koha item type | Books |
| 942 ## - ADDED ENTRY ELEMENTS (KOHA) | |
| -- | 1 |
| Withdrawn status | Lost status | Source of classification or shelving scheme | Damaged status | Use restrictions | Not for loan | Collection code | Home library | Current library | Shelving location | Date acquired | SGTU | Full call number | Accession No. (Barcode) | Date last seen | Bill Date | Koha item type | Total Checkouts | Total Renewals | Date last borrowed |
|---|---|---|---|---|---|---|---|---|---|---|---|---|---|---|---|---|---|---|---|
| Dewey Decimal Classification | Restricted Access | Not For Loan | ENGINEERING | SGT Engineering Library | SGT Engineering Library | Reference Book | 06/05/2010 | SGTU | 6.6 SIN | FE2474 | 09/02/2015 | 09/02/2015 | Books | ||||||
| Dewey Decimal Classification | SGT Engineering Library | SGT Engineering Library | 06/05/2010 | SGTU | 6.6 SIN | FE2475 | 05/07/2021 | 09/02/2015 | Books | 3 | 2 | 05/06/2021 | |||||||
| Dewey Decimal Classification | SGT Engineering Library | SGT Engineering Library | 14/05/2010 | SGTU | 6.6 SIN | FE2504 | 28/07/2021 | 09/02/2015 | Books | 4 | 2 | 09/04/2021 | |||||||
| Dewey Decimal Classification | SGT Engineering Library | SGT Engineering Library | 14/05/2010 | SGTU | 6.6 SIN | FE2505 | 25/04/2024 | 09/02/2015 | Books | 9 | 4 | 25/04/2024 | |||||||
| Dewey Decimal Classification | SGT Engineering Library | SGT Engineering Library | 14/05/2010 | SGTU | 6.6 SIN | FE2506 | 15/05/2018 | 09/02/2015 | Books | 8 | 1 | 24/04/2018 |